Redefining Global Markets: The Regionalisation of Global Value Chains habilitačná práca

Uložené v:
Podrobná bibliografia
Hlavný autor: Stracová, Erika, 1993-
Korporativný autor: Národohospodárska fakulta EU. Katedra hospodárskej politiky
Médium: Kniha
Jazyk:English
Vydavateľské údaje: Bratislava 2024
Tagy: Pridať tag
Žiadne tagy, Buďte prvý, kto otaguje tento záznam!

MARC

LEADER 00000nbm a2200000 4500
001 0305279
005 20250124101531.8
041 0 |a eng 
044 |a SK 
245 1 0 |a Redefining Global Markets: The Regionalisation of Global Value Chains  |b habilitačná práca  |c Erika Majzlíková ; školiteľ: Rajmund Mirdala 
264 1 |a Bratislava  |c 2024 
300 |a 80 s. 
100 1 |a Stracová, Erika, 1993- 
710 2 |a Národohospodárska fakulta EU. Katedra hospodárskej politiky